| 000 | 01182nam a2200313 a 4500 | ||
|---|---|---|---|
| 001 | 000112128 | ||
| 003 | CHAP | ||
| 005 | 20220329144247.0 | ||
| 008 | 151207s2015 mx sm |||||||spa d | ||
| 010 | _a108589 | ||
| 011 | _a109561 | ||
| 040 | _cCHAP | ||
| 090 | _aTesis | ||
| 100 | 1 |
_aJaimes Rodríguez, Ibeth _9130269 |
|
| 245 | 1 | 0 |
_aDesarrollo de un protocolo para la inducción de callos embriogénicos de fresa a partir de cultivos in vitro libres de virus _h[En línea] _cpor Ibeth Jaimes Rodríguez. |
| 260 |
_aChapingo, Méx. : _bEl autor, _c2015. |
||
| 500 | _aPara ver el contenido del material haga clic en la liga | ||
| 502 | _aTesis (Ing. Agr. Esp. en Parasitología Agrícola) -- UACH. Departamento de Parasitología Agrícola | ||
| 590 |
_aE11695DGD _b10 _c20151208 _lUCH01 _h0736 |
||
| 590 |
_aE5765TAJ _b05 _c20151207 _lUCH01 _h1037 |
||
| 650 | 1 | 4 |
_aEmbriones vegetales. _936494 |
| 650 | 1 | 4 |
_aFresa _xCrecimiento. _943197 |
| 650 | 1 | 4 |
_aFresa _xCultivo in vitro. _9130282 |
| 650 | 1 | 4 |
_aPlantas _xCrecimiento _xEstimulantes. _988808 |
| 856 |
_aFinding aid _uhttp://10.13.5.2/tesis/sist112128.pdf _zTeclea aquí |
||
| 901 | _aBK | ||
| 942 | _cTESIS | ||
| 942 | _n0 | ||
| 999 |
_c108589 _d108589 |
||